| 000 | 00597nam#a2200217#c#4500 | ||
|---|---|---|---|
| 003 | IEF | ||
| 005 | 20180219155517.0 | ||
| 008 | 950601s1954 uuu####fr####| 0||u| |u | ||
| 040 | _aIEF | ||
| 245 | _aEstudios dedicados a García Oviedo con motivo de su jubilación | ||
| 260 |
_aSevilla _b Universidad _c1954 |
||
| 300 |
_a2 v. _b lám. _c24 cm. |
||
| 650 | 4 |
_aDERECHO ADMINISTRATIVO _941865 |
|
| 650 | 4 |
_aDERECHO DEL TRABAJO _942072 |
|
| 650 | 4 |
_aESTUDIOS _943582 |
|
| 650 | 4 |
_aGARCIA OVIEDO, CARLOS _944769 |
|
| 650 | 4 |
_aHOMENAJES _945439 |
|
| 942 | _cLIB | ||
| 942 | _z58252 | ||
| 999 |
_c49300 _d49300 |
||